Δυτικά του Νείλου

Αποθηκεύτηκε σε:
Λεπτομέρειες βιβλιογραφικής εγγραφής
Κύριος συγγραφέας: Κουμούτση, Πέρσα
Μορφή: Βιβλίο
Γλώσσα:Greek
Δημοσίευση: Αθήνα : Ψυχογιός, 2006
Έκδοση:3η ανατύπωση
Θέματα:
Ετικέτες: Προσθήκη ετικέτας
Δεν υπάρχουν, Καταχωρήστε ετικέτα πρώτοι!

MARC

LEADER 00000cam a2200000 i 4500
001 1/12011
008 110216s2006 gre d
020 |a 978-960-453-053-3 
035 |l 10109627 
040 |a GR-MY-UA  |b gre  |e aacr 
041 0 |a gre 
082 0 |a 889.91  |2 (22) 
100 1 |a Κουμούτση, Πέρσα. 
245 1 0 |a Δυτικά του Νείλου /  |c Πέρσα Κουμούτση 
250 |a 3η ανατύπωση 
260 |a Αθήνα :   |b Ψυχογιός,   |c 2006 
300 |a 277 σ.;  |c 20 εκ. 
650 0 0 |a Greek fiction, Modern  |y 21st century. 
852 |a INST  |b RHODES  |e 20110216  |h 889.91 ΚΟΥ  |p 005400032985  |q 005400032985  |t BK  |y 0 
901 |a BIBL4-2011-1 
909 |a Ρ  |b 163458 
970 |z 2011/02/16